[Event "Sydney International Open"]
[Site "*"]
[Date "2007.04.11"]
[Round "2.28"]
[White "Rej, Tomek"]
[Black "Karenlampi, Pirkka"]
[Result "1-0"]
[WhiteElo "2260"]
[BlackElo "2021"]
[PlyCount "105"]

1. d4 d5 2. c4 e6 3. Nc3 c6 4. Nf3 dxc4 5. a4 Bb4 6. e3 b5 7. Bd2 a5 8. axb5
Bxc3 9. Bxc3 cxb5 10. b3 Bb7 11. bxc4 b4 12. Bb2 Nf6 13. Bd3 Nbd7 14. Qc2 Qc7
15. e4 e5 16. dxe5 Ng4 17. Nd4 Ngxe5 18. Nb5 Qc6 19. O-O O-O 20. Nd4 Qc7 21. f4
Nxd3 22. Qxd3 Nc5 23. Qg3 Nxe4 24. Qxg7+ Kxg7 25. Ne6+ Kg8 26. Nxc7 Rac8 27.
Nd5 Bxd5 28. cxd5 Rc5 29. Rfd1 Rd8 30. Rac1 Rxc1 31. Rxc1 Nc3 32. Bxc3 bxc3 33.
Rxc3 Rxd5 34. Rc8+ Kg7 35. Ra8 Rd1+ 36. Kf2 Ra1 37. Ra6 Ra3 38. g4 a4 39. g5
Ra1 40. h4 a3 41. h5 a2 42. h6+ Kf8 43. Kg2 Ke7 44. f5 Rb1 45. Rxa2 Rb5 46. Rf2
Rb8 47. Kf3 Rg8 48. f6+ Ke6 49. Kf4 Rf8 50. Re2+ Kd6 51. Re7 Kd5 52. g6 hxg6
53. Kg5 1-0

[Event "Sydney International Open"]
[Site "*"]
[Date "2007.04.11"]
[Round "2.29"]
[White "Mendes da Costa, Alex"]
[Black "Ayvazyan, Armen"]
[Result "1-0"]
[WhiteElo "2017"]
[BlackElo "2241"]
[PlyCount "69"]

1. e4 c5 2. Nf3 Nc6 3. d4 cxd4 4. Nxd4 Nf6 5. Nc3 d6 6. Be2 g6 7. O-O Bg7 8.
Nb3 O-O 9. Bg5 a6 10. Qd2 b5 11. Bd3 Re8 12. Rae1 Be6 13. f4 b4 14. Nd1 a5 15.
f5 Bd7 16. Qf4 Ne5 17. Kh1 Rc8 18. Nd4 Nh5 19. Qf2 Qb6 20. fxg6 hxg6 21. Be3
Qb7 22. Qe2 Nf6 23. Bg5 Nxd3 24. cxd3 Nh7 25. Be3 e5 26. Nf3 d5 27. Nf2 Nf6 28.
Ng5 Re7 29. Rc1 Bc6 30. Ng4 Nh5 31. Bc5 Rd7 32. Qe3 dxe4 33. dxe4 Nf4 34. Rxf4
exf4 35. Qh3 1-0

[Event "Sydney International Open"]
[Site "*"]
[Date "2007.04.11"]
[Round "2.30"]
[White "Repllinger, Marc"]
[Black "Lovejoy, David"]
[Result "1-0"]
[WhiteElo "2239"]
[BlackElo "2003"]
[PlyCount "69"]

1. d4 Nf6 2. Nf3 g6 3. c4 Bg7 4. Nc3 d5 5. Qb3 dxc4 6. Qxc4 O-O 7. e4 Bg4 8.
Be3 Nfd7 9. Rd1 Nb6 10. Qb3 Nc6 11. d5 Ne5 12. Be2 Qc8 13. Nxe5 Bxe2 14. Nxe2
Bxe5 15. f4 Bg7 16. Nd4 Qd7 17. O-O Qa4 18. Qxa4 Nxa4 19. Rc1 c5 20. dxc6 bxc6
21. b3 c5 22. Ne2 Nb2 23. Rc2 Rfd8 24. e5 Nd3 25. Nc1 e6 26. Nxd3 Rxd3 27. Bxc5
a5 28. Kf2 a4 29. b4 Bf8 30. Ke2 Rd5 31. Rd1 Rad8 32. Rxd5 exd5 33. Kd3 Bh6 34.
g3 g5 35. Be7 1-0

[Event "Sydney International Open"]
[Site "*"]
[Date "2007.04.11"]
[Round "2.31"]
[White "Illingworth, Max"]
[Black "Pyke, Malcolm L"]
[Result "1-0"]
[WhiteElo "2007"]
[BlackElo "2235"]
[PlyCount "113"]

1. d4 Nf6 2. c4 g6 3. Nc3 d5 4. cxd5 Nxd5 5. e4 Nxc3 6. bxc3 Bg7 7. Be3 c5 8.
Qd2 Qa5 9. Rc1 O-O 10. Nf3 Bg4 11. Be2 Rd8 12. d5 Nc6 13. O-O Rac8 14. Qb2 Bxf3
15. Bxf3 Ne5 16. Be2 Qc7 17. f4 Nd7 18. Bc4 Nf6 19. Qc2 a6 20. a4 Qa5 21. h3
Ne8 22. Be2 Nd6 23. c4 Qb4 24. Bg4 f5 25. exf5 h5 26. f6 hxg4 27. fxg7 Qa3 28.
Bd2 Nf5 29. hxg4 Nd4 30. Qe4 Qg3 31. Bc3 Qxg4 32. Bxd4 cxd4 33. Qxd4 e6 34. d6
Qf5 35. c5 Rd7 36. Qe5 Rxg7 37. Rfe1 Qxe5 38. Rxe5 Rd7 39. Rxe6 Kf7 40. Ree1 a5
41. Red1 Rc6 42. Kf2 b6 43. cxb6 Rxb6 44. Rc5 Rb4 45. Rxa5 Rxf4+ 46. Ke3 Rb4
47. Ra6 Ke6 48. Rd4 Rb1 49. Kf4 Kf6 50. a5 Ra1 51. Ra8 Ra2 52. a6 Rxg2 53. a7
Rf7 54. d7 Ke6+ 55. Ke3 Rg3+ 56. Ke2 Rg2+ 57. Kd3 1-0

[Event "Sydney International Open"]
[Site "*"]
[Date "2007.04.11"]
[Round "2.32"]
[White "Gutierrez Castillo, Paloma"]
[Black "Smith, Vivian"]
[Result "1-0"]
[WhiteElo "2176"]
[BlackElo "1742"]
[PlyCount "63"]

1. e4 d6 2. d4 Nf6 3. Nc3 g6 4. h3 Bg7 5. Nf3 O-O 6. Be3 c6 7. Qd2 Qc7 8. Bh6
e5 9. dxe5 dxe5 10. O-O-O Nbd7 11. Bxg7 Kxg7 12. Qe3 b5 13. Be2 a5 14. Rd2 a4
15. Rhd1 b4 16. Nb1 Re8 17. Rd6 Re7 18. R6d2 h6 19. g4 Qb6 20. g5 hxg5 21. Qxb6
Nxb6 22. Nxg5 Raa7 23. Rd6 Rac7 24. Nd2 Ne8 25. Rd8 f6 26. Ngf3 Bxh3 27. Rg1
Be6 28. Nh4 Rcd7 29. Rxd7 Rxd7 30. Nxg6 Kh6 31. Nf8 Rg7 32. Rh1+ 1-0

[Event "Sydney International Open"]
[Site "*"]
[Date "2007.04.11"]
[Round "2.33"]
[White "Yuen, Jonathan"]
[Black "Wright, Neil S"]
[Result "0-1"]
[WhiteElo "1670"]
[BlackElo "2217"]
[PlyCount "56"]

1. e4 c5 2. Nf3 Nc6 3. d4 cxd4 4. c3 dxc3 5. Nxc3 d6 6. Bc4 a6 7. O-O Nf6 8.
Qe2 Bg4 9. Rd1 e6 10. h3 Bxf3 11. gxf3 Rc8 12. f4 Qc7 13. Nd5 exd5 14. exd5+
Ne7 15. Bb3 g6 16. f5 Qd7 17. Bg5 Bg7 18. Re1 Rc7 19. Rac1 Rxc1 20. Bxc1 O-O
21. Qxe7 Re8 22. Qxe8+ Nxe8 23. fxg6 hxg6 24. Bd1 Nf6 25. Bg5 Qxh3 26. Bxf6
Bxf6 27. Re3 Qh4 28. Rb3 Bd4 0-1

[Event "Sydney International Open"]
[Site "*"]
[Date "2007.04.11"]
[Round "2.34"]
[White "Mandla, Blair"]
[Black "Dragicevic, Domagoj"]
[Result "0-1"]
[WhiteElo "1765"]
[BlackElo "2196"]
[PlyCount "54"]

1. c4 Nf6 2. Nc3 e5 3. g3 d5 4. cxd5 Nxd5 5. Bg2 Nb6 6. Nf3 Nc6 7. d3 Be7 8.
O-O O-O 9. Be3 Be6 10. Rc1 f6 11. a3 Qe8 12. Nb5 Qd7 13. Bxb6 cxb6 14. Nc3 Rac8
15. Qa4 a6 16. Nd2 Rfd8 17. Rfd1 b5 18. Bxc6 Rxc6 19. Qe4 Rdc8 20. Nf3 Bxa3 21.
bxa3 Rxc3 22. Rxc3 Rxc3 23. d4 Bf5 24. Qh4 e4 25. Nd2 Qxd4 26. e3 Qd7 27. Qh5
Rd3 0-1

[Event "Sydney International Open"]
[Site "*"]
[Date "2007.04.11"]
[Round "2.36"]
[White "Munoz, Contreras Nelson"]
[Black "Lo, Anthony"]
[Result "1-0"]
[WhiteElo "2117"]
[BlackElo "1676"]
[PlyCount "107"]

1. d4 d5 2. c4 Nf6 3. Nc3 c6 4. Bg5 Bf5 5. e3 e6 6. Nf3 Be7 7. cxd5 exd5 8. Qb3
Qb6 9. Qxb6 axb6 10. Ne5 Nbd7 11. f4 h6 12. Bxf6 Nxf6 13. Be2 Ne4 14. O-O b5
15. g4 Nxc3 16. bxc3 Be4 17. Bd3 Bxd3 18. Nxd3 O-O 19. Kf2 Ra3 20. Rfc1 Rfa8
21. Rc2 R8a4 22. Ke2 f6 23. f5 Kf7 24. h4 g5 25. fxg6+ Kxg6 26. Nf4+ Kf7 27. h5
Bd6 28. Ng6 b6 29. Nh4 Ke6 30. Nf5 Bf8 31. Kd2 b4 32. cxb4 Bxb4+ 33. Ke2 Bc3
34. Rac1 Rxa2 35. Rxa2 Rxa2+ 36. Kd3 Ba5 37. Rxc6+ Kf7 38. Nxh6+ Kg7 39. Nf5+
Kf7 40. Rc7+ Kf8 41. Rc2 Ra1 42. Rc8+ Kf7 43. Rc7+ Kf8 44. Rg7 Ra2 45. e4 Ra3+
46. Ke2 Ra2+ 47. Kd3 Ra3+ 48. Kc2 dxe4 49. h6 e3 50. h7 Ra2+ 51. Kd3 Rh2 52.
Rg8+ Kf7 53. h8=Q Rxh8 54. Rxh8 1-0

[Event "Sydney International Open"]
[Site "*"]
[Date "2007.04.11"]
[Round "2.37"]
[White "Hornsgaard, Jens Boe"]
[Black "Wettstein, Carla"]
[Result "1-0"]
[WhiteElo "2076"]
[BlackElo "1487"]
[PlyCount "57"]

1. e4 Nf6 2. e5 Nd5 3. d4 d6 4. Nf3 dxe5 5. Nxe5 Nd7 6. Bd3 Nxe5 7. dxe5 e6 8.
O-O Bc5 9. Qg4 Bf8 10. Bg5 Be7 11. Bxe7 Qxe7 12. Qxg7 Qf8 13. Qxf8+ Kxf8 14. c4
Nb4 15. Be4 Bd7 16. Bxb7 Rb8 17. Be4 Nc6 18. Bxc6 Bxc6 19. b3 Rg8 20. f3 Rg5
21. Nc3 Rxe5 22. Rfe1 Rg5 23. Kf2 Ke7 24. Rad1 Rbg8 25. g3 Ra5 26. Rd2 Kf8 27.
Rd8+ Kg7 28. Red1 Be8 29. Rc8 1-0

[Event "Sydney International Open"]
[Site "*"]
[Date "2007.04.11"]
[Round "2.38"]
[White "Christensen, Joshua"]
[Black "Uttam, Kumar Saha"]
[Result "1-0"]
[WhiteElo "1605"]
[BlackElo "2016"]
[PlyCount "135"]

1. d4 d5 2. c4 e6 3. Nf3 Nf6 4. Bg5 c6 5. e3 Qa5+ 6. Nbd2 Ne4 7. Bf4 Bb4 8. a3
Nxd2 9. Nxd2 Bxd2+ 10. Qxd2 Qxd2+ 11. Kxd2 Nd7 12. Rc1 Nf6 13. f3 Bd7 14. Bd3
dxc4 15. Bxc4 Nd5 16. Bg3 Ke7 17. e4 Nb6 18. Bd3 Rhd8 19. Ke3 h6 20. b4 f5 21.
h4 g6 22. Bf4 Rh8 23. g4 fxe4 24. fxe4 Raf8 25. Rhf1 Nc8 26. Rf2 Be8 27. Rcf1
Rf7 28. Bc7 Rhf8 29. Bf4 Rh8 30. d5 exd5 31. exd5 cxd5 32. Kd4 Nb6 33. Bc7 Rxf2
34. Rxf2 Bf7 35. Bxb6 axb6 36. Rc2 Kd6 37. Rf2 Ke6 38. Re2+ Kd6 39. Rf2 Ke6 40.
Re2+ Kd7 41. Rf2 Ke7 42. Rc2 Rd8 43. Bb5 Kd6 44. Rf2 Ke6 45. Re2+ Kf6 46. Rf2+
Kg7 47. Rc2 Ra8 48. Rc7 Rxa3 49. Be8 Rf3 50. Rxf7+ Rxf7 51. Bxf7 Kxf7 52. Kxd5
Kf6 53. Kd6 h5 54. g5+ Kf5 55. Ke7 Kg4 56. Kf6 Kxh4 57. Kxg6 Kg4 58. Kf6 h4 59.
g6 h3 60. g7 Kg3 61. g8=Q+ Kf2 62. Qd5 Kg1 63. Qd1+ Kg2 64. Qe2+ Kg1 65. Qg4+
Kh2 66. Kf5 b5 67. Kf4 b6 68. Kf3 1-0

[Event "Sydney International Open"]
[Site "*"]
[Date "2007.04.11"]
[Round "2.39"]
[White "Zulfic, Fedja"]
[Black "Ren, Jonathan"]
[Result "1-0"]
[WhiteElo "1895"]
[BlackElo "1337"]
[PlyCount "77"]

1. d4 Nc6 2. Nf3 d5 3. Bf4 Bf5 4. c4 e6 5. Nc3 Nf6 6. e3 a6 7. Be2 Be7 8. O-O
O-O 9. Rc1 Ne4 10. cxd5 Nxc3 11. Rxc3 exd5 12. Ne5 Nxe5 13. Bxe5 c6 14. Bg4
Bxg4 15. Qxg4 Bf6 16. Bxf6 Qxf6 17. Qd7 Rab8 18. Rb3 b6 19. Rc1 Rfc8 20. Rxb6
Qe6 21. Qxe6 fxe6 22. Rcxc6 Rxc6 23. Rxb8+ Kf7 24. Kf1 Rc1+ 25. Ke2 Rc2+ 26.
Kf3 h5 27. h4 a5 28. Ra8 Rxb2 29. Rxa5 Kf6 30. Ra8 g6 31. a4 Ra2 32. Ra7 g5 33.
hxg5+ Kxg5 34. a5 Kf5 35. a6 Ra3 36. Ra8 Kf6 37. a7 Kf7 38. Rh8 Rxa7 39. Rh7+
1-0

[Event "Sydney International Open"]
[Site "*"]
[Date "2007.04.11"]
[Round "2.40"]
[White "Tredinnick, Malcolm Robert"]
[Black "Cvetkoski, Tode"]
[Result "1-0"]
[WhiteElo "2205"]
[BlackElo "1705"]
[PlyCount "125"]

1. c4 e6 2. g3 Nf6 3. Bg2 c6 4. Nf3 Bc5 5. O-O h6 6. d4 Bb6 7. Nc3 a6 8. e4 d6
9. Qc2 Nbd7 10. Bf4 Qe7 11. Na4 Bc7 12. c5 e5 13. cxd6 Bxd6 14. dxe5 Bxe5 15.
Nxe5 Nxe5 16. Nb6 Rb8 17. Qc3 Ned7 18. Nxd7 Nxd7 19. Qxg7 Rf8 20. Rad1 Ra8 21.
Rd2 Qf6 22. Bxh6 Qxg7 23. Bxg7 Rg8 24. Bd4 Nf8 25. f4 Be6 26. b3 Rd8 27. f5 Bc8
28. Rfd1 Nd7 29. Bb6 f6 30. e5 fxe5 31. f6 Nxb6 32. Rxd8+ Kf7 33. Rxg8 Kxg8 34.
h3 Kf7 35. Rd6 Be6 36. Bf3 Nd7 37. Bg4 Bxg4 38. hxg4 Nxf6 39. g5 Ne4 40. g6+
Kg7 41. Re6 Nxg3 42. Re7+ Kxg6 43. Rxb7 Ne2+ 44. Kf2 Nd4 45. Rb6 Kf5 46. Ke3
Ke6 47. Rxa6 Kd6 48. Ra8 Ne6 49. b4 Nc7 50. Rd8+ Ke7 51. Rh8 Nd5+ 52. Ke4 Nxb4
53. a3 Nc2 54. a4 Kd6 55. a5 Nb4 56. Rb8 c5 57. a6 Nc6 58. Rb7 c4 59. a7 Nxa7
60. Rxa7 Kc5 61. Kxe5 c3 62. Rc7+ Kb4 63. Kd4 1-0

[Event "Sydney International Open"]
[Site "*"]
[Date "2007.04.11"]
[Round "2.41"]
[White "Tulevski, Vasil G"]
[Black "Nakauchi, Gene"]
[Result "1-0"]
[WhiteElo "2001"]
[BlackElo "1703"]
[PlyCount "67"]

1. d4 d5 2. c4 e6 3. cxd5 exd5 4. Nc3 Nf6 5. Bg5 c6 6. Qc2 Be7 7. e3 Nbd7 8.
Bd3 Qb6 9. Nge2 Nf8 10. O-O Ne6 11. Bxf6 Bxf6 12. Bxh7 g6 13. Bxg6 fxg6 14.
Qxg6+ Ke7 15. Nf4 Nxf4 16. exf4 Be6 17. Rfe1 Qc7 18. g3 Rag8 19. Rxe6+ Kxe6 20.
Re1+ Kd7 21. Qxf6 Re8 22. Re5 Kc8 23. Na4 Qh7 24. h4 Qb1+ 25. Kg2 Qxa2 26. Nc5
Qxb2 27. Qg7 Kb8 28. h5 Reg8 29. Qf6 Rh7 30. h6 Rgh8 31. Re7 Rxh6 32. Qe5+ Ka8
33. Re8+ Rxe8 34. Qxe8# 1-0

[Event "Sydney International Open"]
[Site "*"]
[Date "2007.04.11"]
[Round "2.42"]
[White "Yu, Sally"]
[Black "Stojic, Svetozar"]
[Result "0-1"]
[WhiteElo "1697"]
[BlackElo "1991"]
[PlyCount "60"]

1. e4 c5 2. Nf3 d6 3. Bb5+ Nd7 4. d4 Ngf6 5. Nc3 a6 6. Bxd7+ Nxd7 7. O-O cxd4
8. Qxd4 e6 9. Rd1 Qf6 10. Qa4 Rb8 11. Bg5 Qg6 12. Ne2 f6 13. Bf4 b5 14. Qa5 e5
15. Be3 Be7 16. Ng3 O-O 17. Nf5 Re8 18. Qc7 Bf8 19. Qc6 Nc5 20. Nxd6 Bxd6 21.
Qxd6 Bg4 22. Qd5+ Ne6 23. Kh1 Qh5 24. Re1 Bxf3 25. gxf3 Qxf3+ 26. Kg1 h5 27.
Qd1 Qh3 28. Kh1 Rbd8 29. Qe2 Nf4 30. Qf1 Qf3+ 0-1

[Event "Sydney International Open"]
[Site "*"]
[Date "2007.04.11"]
[Round "2.43"]
[White "Forster, William"]
[Black "Marquez, Julius Caesar"]
[Result "1/2-1/2"]
[WhiteElo "1983"]
[BlackElo "1700"]
[PlyCount "81"]

1. e4 c6 2. Nc3 d5 3. Qf3 e6 4. Qg3 Ne7 5. d3 Ng6 6. f4 Qh4 7. e5 c5 8. Nf3
Qxg3+ 9. hxg3 Nc6 10. Bd2 a6 11. O-O-O Be7 12. g4 b5 13. g3 Bd7 14. Bg2 O-O-O
15. Rh5 b4 16. Ne2 h6 17. Be3 Kc7 18. Rdh1 a5 19. d4 c4 20. f5 exf5 21. gxf5
Nf8 22. g4 Rg8 23. Nf4 Rb8 24. Nxd5+ Kd8 25. Bf4 Rb5 26. Nxe7 Kxe7 27. f6+ Ke8
28. e6 Nxe6 29. Rxb5 Nxf4 30. Re1+ Kd8 31. Bf1 Bxg4 32. Ne5 Nxe5 33. Rb8+ Bc8
34. Rxe5 Kc7 35. Ra8 gxf6 36. Rc5+ Kb7 37. Raxa5 Rg1 38. Rab5+ Ka6 39. Ra5+ Kb6
40. Rab5+ Ka6 41. Ra5+ 1/2-1/2

[Event "Sydney International Open"]
[Site "*"]
[Date "2007.04.11"]
[Round "2.44"]
[White "Gearing, Michael"]
[Black "Davis, Tony J"]
[Result "0-1"]
[WhiteElo "1661"]
[BlackElo "1978"]
[PlyCount "94"]

1. e4 e6 2. d4 d5 3. exd5 exd5 4. Bd3 Bd6 5. c3 h6 6. Be3 Nf6 7. Nf3 Nc6 8. O-O
Bg4 9. h3 Be6 10. Qc1 Qd7 11. Bf4 Nh5 12. Be5 Nxe5 13. Nxe5 Qa4 14. Qe3 O-O-O
15. b3 Qa5 16. a4 c6 17. b4 Qc7 18. a5 g5 19. b5 c5 20. b6 axb6 21. a6 Kb8 22.
Bb5 Bc8 23. Nd2 f6 24. Nef3 Nf4 25. dxc5 Bxc5 26. Nd4 Rh7 27. Bd3 Re7 28. Qf3
Bxd4 29. cxd4 Qc3 30. g3 Qxd3 31. gxf4 Qxd2 32. Qa3 Rc7 33. axb7 Bxb7 34. Qa7+
Kc8 35. Qxb6 Qxf4 36. Rfb1 Qd6 37. Qa7 Bc6 38. Qa5 Kd7 39. Rb6 h5 40. Re1 h4
41. Qa6 g4 42. Qd3 Qf4 43. Qh7+ Kc8 44. Qb1 Bb7 45. Qb2 gxh3 46. Rxb7 Rxb7 47.
Qc3+ Kb8 0-1

[Event "Sydney International Open"]
[Site "*"]
[Date "2007.04.11"]
[Round "2.45"]
[White "Selnes, Hamish"]
[Black "Ninchich, Milan"]
[Result "1/2-1/2"]
[WhiteElo "1976"]
[BlackElo "1647"]
[PlyCount "44"]

1. e4 e5 2. Nf3 Nc6 3. Bc4 d6 4. d4 Bg4 5. c3 Be7 6. O-O Bh5 7. Re1 Bf6 8. d5
Nb8 9. Bd3 Nd7 10. c4 g5 11. Be2 Bg6 12. Nc3 h5 13. Be3 b6 14. b4 Nh6 15. Qd2
g4 16. Bxh6 gxf3 17. Bxf3 Rxh6 18. Qxh6 Bg5 19. Qh8+ Nf8 20. Bxh5 Bf6 21. Qh6
Bg5 22. Qh8 Bf6 1/2-1/2

[Event "Sydney International Open"]
[Site "*"]
[Date "2007.04.11"]
[Round "2.46"]
[White "Neegam, Gor"]
[Black "Canfell, Mike J"]
[Result "0-1"]
[WhiteElo "1641"]
[BlackElo "1976"]
[PlyCount "74"]

1. e4 c5 2. Nf3 d6 3. d4 cxd4 4. Nxd4 Nf6 5. Nc3 a6 6. Bc4 e6 7. f4 Qc7 8. Qe2
b5 9. Bb3 Be7 10. Qf3 O-O 11. O-O Bb7 12. Qg3 Nxe4 13. Nxe4 Bxe4 14. f5 Bf6 15.
Qe3 Bxd4 16. Qxd4 Bxf5 17. Be3 Nc6 18. Qb6 Qxb6 19. Bxb6 Be4 20. Rf4 Bg6 21.
Rd1 d5 22. c3 Rac8 23. a4 Be4 24. axb5 axb5 25. Rd2 Ne5 26. Bd4 Nc6 27. Bc5
Rfe8 28. Rdf2 Bg6 29. Bd1 Ne5 30. Bd4 Nd3 31. Be2 Nxf2 32. Bxf2 Ra8 33. Bxb5
Reb8 34. Bc6 Ra1+ 35. Be1 Rxe1+ 36. Rf1 Rxf1+ 37. Kxf1 Rxb2 0-1

[Event "Sydney International Open"]
[Site "*"]
[Date "2007.04.11"]
[Round "2.47"]
[White "Holland, Dennis"]
[Black "Cohn, Jason"]
[Result "1/2-1/2"]
[WhiteElo "1961"]
[BlackElo "1612"]
[PlyCount "65"]

1. d4 d5 2. c4 e6 3. Nf3 Nf6 4. e3 c6 5. Nbd2 Nbd7 6. Bd3 Bd6 7. O-O O-O 8. Re1
Re8 9. e4 e5 10. exd5 cxd5 11. cxd5 exd4 12. Ne4 Nxe4 13. Bxe4 Nf6 14. Bg5 h6
15. Bxf6 Qxf6 16. Qxd4 Qxd4 17. Nxd4 Bd7 18. Rac1 Rac8 19. Rxc8 Rxc8 20. Nf3 a5
21. h3 a4 22. g4 Rc4 23. a3 b5 24. Bd3 Rf4 25. Kg2 h5 26. Re4 Rxe4 27. Bxe4
hxg4 28. hxg4 Bxg4 29. Nd4 Bd7 30. Bd3 Be5 31. Nxb5 Bxb5 32. Bxb5 Bxb2 33. Bxa4
1/2-1/2

[Event "Sydney International Open"]
[Site "*"]
[Date "2007.04.11"]
[Round "2.48"]
[White "Guo, Emma"]
[Black "Pickering, Anthony"]
[Result "1-0"]
[WhiteElo "1543"]
[BlackElo "1961"]
[PlyCount "81"]

1. e4 c5 2. Nc3 e6 3. f4 Nc6 4. Nf3 Nge7 5. Bb5 a6 6. Bxc6 Nxc6 7. O-O d5 8. d3
Be7 9. Qe1 d4 10. Ne2 O-O 11. Qg3 Qc7 12. Qh3 e5 13. f5 f6 14. Nh4 Bd7 15. Rf3
g5 16. Rg3 Rf7 17. Rg4 Rg7 18. Nf3 Kh8 19. Ng3 Be8 20. Qh6 Nd8 21. Nh5 Bxh5 22.
Qxh5 Nf7 23. h4 Rag8 24. Bd2 gxh4 25. Rxg7 Rxg7 26. Nxh4 Kg8 27. Rf1 Qd7 28. b3
b5 29. Rf3 Ng5 30. Bxg5 Rxg5 31. Qh6 Qe8 32. Rh3 Rh5 33. Rg3+ Rg5 34. Rxg5+
fxg5 35. Nf3 g4 36. Ng5 Bxg5 37. Qxg5+ Kf7 38. Qxg4 Kf6 39. Qh4+ Kg7 40. Qg5+
Kf7 41. Qh5+ 1-0

[Event "Sydney International Open"]
[Site "*"]
[Date "2007.04.11"]
[Round "2.49"]
[White "Yu, Derek"]
[Black "Evans, David A"]
[Result "1-0"]
[WhiteElo "1958"]
[BlackElo "1597"]
[PlyCount "75"]

1. e4 d5 2. exd5 Qxd5 3. Nc3 Qd6 4. d4 g6 5. Nb5 Qd8 6. Bf4 Na6 7. Nf3 c6 8.
Nc3 Nc7 9. Bc4 Bg7 10. O-O Nf6 11. Re1 O-O 12. Qe2 Ncd5 13. Nxd5 Nxd5 14. Bxd5
Qxd5 15. Qxe7 Bg4 16. c3 Bxf3 17. gxf3 Qxf3 18. Bg3 b6 19. Re4 Bf6 20. Re3
Qxg3+ 21. hxg3 Bxe7 22. Rxe7 Rfe8 23. Rae1 Kf8 24. Rxe8+ Rxe8 25. Rxe8+ Kxe8
26. Kg2 Ke7 27. Kf3 Ke6 28. Ke4 h6 29. c4 f5+ 30. Kf4 g5+ 31. Ke3 a5 32. a4 Kd6
33. Kf3 h5 34. Kg2 b5 35. axb5 cxb5 36. cxb5 Kc7 37. d5 a4 38. Kh3 1-0

[Event "Sydney International Open"]
[Site "*"]
[Date "2007.04.11"]
[Round "2.50"]
[White "Wan, Dennis"]
[Black "Korenevski, Oleg"]
[Result "1-0"]
[WhiteElo "1525"]
[BlackElo "1933"]
[PlyCount "109"]

1. d4 e6 2. Nf3 Nf6 3. e3 c5 4. c4 b6 5. Bd3 Bb7 6. O-O d5 7. dxc5 Bxc5 8. b4
dxc4 9. bxc5 Qxd3 10. Qxd3 cxd3 11. cxb6 axb6 12. Rd1 Nbd7 13. Rxd3 Bd5 14. Ba3
Be4 15. Rb3 Nd5 16. Nc3 Nxc3 17. Rxc3 f6 18. Nd2 Bb7 19. Nc4 Rxa3 20. Rxa3 Bd5
21. Rc1 O-O 22. Ra7 Rc8 23. Rxd7 Rxc4 24. Rxc4 Bxc4 25. a4 Bb3 26. Rd4 Kf7 27.
Kf1 Ke7 28. Ke1 Bd5 29. Rb4 Bc6 30. Kd2 Kd7 31. Kc3 Kc7 32. g3 g6 33. Rc4 Kb7
34. Kb4 Be8 35. f4 Bc6 36. e4 e5 37. h4 h5 38. f5 gxf5 39. exf5 Bf3 40. Rc3 Bg4
41. Rc1 Bf3 42. Rf1 e4 43. Re1 Kc6 44. Kc4 Bg2 45. Kd4 b5 46. Rc1+ Kb6 47. Rb1
b4 48. Rxb4+ Ka5 49. Rb8 Kxa4 50. Rf8 Kb5 51. Rxf6 e3 52. Kxe3 Bh3 53. Kf4 Kc5
54. Rf8 Bf1 55. Rd8 1-0

[Event "Sydney International Open"]
[Site "*"]
[Date "2007.04.11"]
[Round "2.51"]
[White "Maroroa, Sue"]
[Black "Ross, Bill"]
[Result "1-0"]
[WhiteElo "1932"]
[BlackElo "1533"]
[PlyCount "33"]

1. e4 c5 2. Nc3 Nc6 3. Bc4 e6 4. d3 g6 5. f4 Bg7 6. f5 Bxc3+ 7. bxc3 exf5 8.
Nf3 d6 9. O-O Be6 10. Qe1 fxe4 11. Ng5 d5 12. Bb3 Qd7 13. dxe4 O-O-O 14. exd5
Bxd5 15. Bxd5 Qxd5 16. Nxf7 Re8 17. Qxe8+ 1-0

[Event "Sydney International Open"]
[Site "*"]
[Date "2007.04.11"]
[Round "2.52"]
[White "Leong, Edward"]
[Black "Dickson, Ian C"]
[Result "1/2-1/2"]
[WhiteElo "1510"]
[BlackElo "1923"]
[PlyCount "62"]

1. e4 c5 2. Nf3 d6 3. d4 cxd4 4. Nxd4 Nf6 5. Nc3 g6 6. Be3 Bg7 7. Be2 Nc6 8.
Qd2 O-O 9. O-O-O Ng4 10. Bxg4 Bxg4 11. f3 Bd7 12. Nde2 Qa5 13. Bh6 Qe5 14. Bxg7
Qxg7 15. h4 h5 16. Rdg1 Ne5 17. Nf4 Rfc8 18. Qf2 Qh6 19. g3 Rxc3 20. bxc3 Rc8
21. Kb2 Ba4 22. Qxa7 Nc4+ 23. Kb1 Bc6 24. Rd1 Qg7 25. Qd4 Ne5 26. Rhf1 Bb5 27.
Rf2 Rc4 28. Qe3 Ra4 29. Nd5 Nc4 30. Qe1 Na3+ 31. Kc1 Kf8 1/2-1/2

[Event "Sydney International Open"]
[Site "*"]
[Date "2007.04.11"]
[Round "2.53"]
[White "Brown, Andrew"]
[Black "Greenwood, Norman"]
[Result "1-0"]
[WhiteElo "1917"]
[BlackElo "1515"]
[PlyCount "71"]

1. d4 Nf6 2. Nf3 g6 3. Bg5 Ne4 4. Bf4 Bg7 5. Nbd2 Nf6 6. e4 d6 7. Bc4 O-O 8. c3
b6 9. O-O Ba6 10. Bxa6 Nxa6 11. Qe2 Nb8 12. e5 Nh5 13. Be3 dxe5 14. dxe5 Bh8
15. g4 Ng7 16. Bh6 Re8 17. Ng5 f6 18. exf6 exf6 19. Qc4+ Ne6 20. Nxe6 b5 21.
Qb3 Qd7 22. Ng5+ Re6 23. Nxe6 c5 24. Nxc5+ Qf7 25. Rfe1 Nc6 26. Qxf7+ Kxf7 27.
Nde4 g5 28. Nd6+ Kg6 29. Nf5 Ne5 30. Rxe5 fxe5 31. Rd1 a6 32. Rd6+ Kf7 33. Rd7+
Kg6 34. Ne4 a5 35. Bxg5 h5 36. Nh4# 1-0

[Event "Sydney International Open"]
[Site "*"]
[Date "2007.04.11"]
[Round "2.54"]
[White "Tacorda, Ely"]
[Black "Schon, Eugene"]
[Result "0-1"]
[WhiteElo "1500"]
[BlackElo "1914"]
[PlyCount "52"]

1. e4 e6 2. Nf3 d5 3. e5 c5 4. Be2 Nc6 5. O-O Qc7 6. d3 Nxe5 7. Ng5 h6 8. Nh3
Nf6 9. b3 Bd6 10. Bd2 Ng6 11. Nc3 a6 12. Rc1 Bxh2+ 13. Kh1 Bd6 14. Na4 e5 15.
Be3 b5 16. Nc3 d4 17. Nd5 Nxd5 18. Bd2 Bxh3 19. gxh3 Ngf4 20. Bf3 Rd8 21. Be4
Qd7 22. Qe1 Qxh3+ 23. Kg1 f5 24. Bh1 e4 25. c4 Ne2+ 26. Qxe2 Bh2# 0-1

[Event "Sydney International Open"]
[Site "*"]
[Date "2007.04.11"]
[Round "2.55"]
[White "Jule, Alexandra"]
[Black "Wu, Shirley"]
[Result "0-1"]
[WhiteElo "1909"]
[BlackElo "1502"]
[PlyCount "96"]

1. d4 f5 2. Nf3 g6 3. h4 Nf6 4. h5 gxh5 5. e4 fxe4 6. Ng5 Bg7 7. Be2 O-O 8. Nc3
d5 9. Bf4 c6 10. Be5 h6 11. Nh3 Nbd7 12. Nf4 Nxe5 13. dxe5 Ng4 14. g3 Bxe5 15.
Rxh5 Bxf4 16. gxf4 Rxf4 17. Qd2 Qf8 18. O-O-O Rxf2 19. Qd4 Qf6 20. Qc5 Be6 21.
Rg1 Qf7 22. Bxg4 Qf4+ 23. Kb1 Bxg4 24. Rhh1 Rf8 25. Qxe7 Rf1+ 26. Nd1 Rxd1+ 27.
Rxd1 Bxd1 28. Rxd1 Qf7 29. Qh4 Qf1 30. Qg4+ Kh7 31. a3 Qf3 32. Qg1 h5 33. Rc1
e3 34. Qg5 e2 35. Qe7+ Rf7 36. Qe5 Kh6 37. Qe6+ Rf6 38. Qe8 Qf1 39. Qh8+ Kg5
40. Qg7+ Kh4 41. Qe7 Qf3 42. Ka2 d4 43. Qe5 Qd5+ 44. Qxd5 cxd5 45. Re1 Re6 46.
Kb1 Kg3 47. Kc1 Kf2 48. Kd2 h4 0-1

[Event "Sydney International Open"]
[Site "*"]
[Date "2007.04.11"]
[Round "2.56"]
[White "Parker, Trent"]
[Black "Bekker, Gary D"]
[Result "1/2-1/2"]
[WhiteElo "1483"]
[BlackElo "1904"]
[PlyCount "66"]

1. Nf3 Nf6 2. c4 g6 3. Nc3 Bg7 4. e4 d6 5. d4 O-O 6. Be2 e5 7. O-O Nc6 8. d5
Ne7 9. b4 a5 10. Ba3 axb4 11. Bxb4 Nd7 12. Nd2 f5 13. f3 f4 14. Nb3 b6 15. a4
Nc5 16. a5 Bb7 17. Qc2 Qd7 18. axb6 cxb6 19. Nxc5 bxc5 20. Ba5 g5 21. Nb5 Rfc8
22. Ra2 Ng6 23. Rb1 Bf6 24. Bb6 Rxa2 25. Qxa2 Ra8 26. Qb3 Bc8 27. Bc7 Be7 28.
Qb2 Nh8 29. Ra1 Rxa1+ 30. Qxa1 Nf7 31. Qa5 Bd8 32. Bxd8 Nxd8 33. Qb6 Nf7
1/2-1/2

[Event "Sydney International Open"]
[Site "*"]
[Date "2007.04.11"]
[Round "2.57"]
[White "Tsagarakis, Angelo"]
[Black "Setiabudi, Allen"]
[Result "1/2-1/2"]
[WhiteElo "1901"]
[BlackElo "1476"]
[PlyCount "122"]

1. d4 Nf6 2. Nf3 c5 3. e3 g6 4. Be2 cxd4 5. exd4 Bg7 6. O-O O-O 7. c3 Nc6 8.
Re1 d6 9. Bf1 Bg4 10. h3 Bf5 11. d5 Ne5 12. Nxe5 dxe5 13. c4 b5 14. Nc3 bxc4
15. Bxc4 Rc8 16. Bb3 Qd6 17. Be3 Rfd8 18. Bxa7 Qa6 19. Be3 e6 20. Bg5 h6 21.
Bxf6 Bxf6 22. Qf3 e4 23. Nxe4 Bxb2 24. Rad1 e5 25. g4 Bxe4 26. Qxe4 Bd4 27. Rc1
Qf6 28. Qe2 Qh4 29. Kg2 h5 30. Qf3 Rxc1 31. Rxc1 Rd6 32. Rc6 hxg4 33. hxg4 e4
34. Qg3 Qxg3+ 35. Kxg3 Be5+ 36. Kg2 Kg7 37. a4 Rxc6 38. dxc6 Bc7 39. f3 exf3+
40. Kxf3 f5 41. gxf5 gxf5 42. Bc4 Kf6 43. Ke3 Ke5 44. Kd3 Ba5 45. Ke3 Bb6+ 46.
Kf3 Bc7 47. Bd3 Kd5 48. Bb5 Kd4 49. Ke2 Ke4 50. Kd2 Ba5+ 51. Kc2 f4 52. Kb3 Kd5
53. Kc2 f3 54. Kd3 Bb6 55. Kd2 f2 56. Ke2 Kd6 57. Kf1 Kc7 58. Ke2 Kd6 59. Kf1
Kc7 60. Kg2 Kd6 61. Kf1 Kc7 1/2-1/2